000 00278nam a22001337a 4500
005 20251108172618.0
008 250721s9999 xx 000 0 eng d
082 1 4 _a363.1791
245 1 4 _aThe /
264 1 _aNew York :
300 _ap.
942 _2ddc
_cBK
999 _c83980
_d83980